000 00333nam a2200133 4500
005 20260530113904.0
100 1 _aPedro Arena Reyes Retana
_932605
245 1 0 _aEquipo de Ventilación
264 1 _bIBERO
_c2003
300 _a63 pƔginas
336 _atexto
_2rdacontent
337 _asin medio
_2rdamedia
338 _avolumen
_2rdacarrier
999 _c11881
_d11881